Library Banner

Services marketing (Record no. 38438)

MARC details
000 -LEADER
fixed length control field 00406nam a2200169Ia 4500
001 - CONTROL NUMBER
control field 39123
008 - FIXED-LENGTH DATA ELEMENTS--GENERAL INFORMATION
fixed length control field 140423s9999 xx 000 0 und d
020 ## - INTERNATIONAL STANDARD BOOK NUMBER
International Standard Book Number 0195667581
040 ## - CATALOGING SOURCE
Transcribing agency PK-LaUMT
082 ## - DEWEY DECIMAL CLASSIFICATION NUMBER
Classification number 658.8
Item number APT-S
100 ## - MAIN ENTRY--PERSONAL NAME
Personal name Apte, Govind
245 ## - TITLE STATEMENT
Title Services marketing
Statement of responsibility, etc Apte, Govind
260 ## - PUBLICATION, DISTRIBUTION, ETC. (IMPRINT)
Place of publication, distribution, etc New Delhi,India:
Name of publisher, distributor, etc Oxford University,
Date of publication, distribution, etc 2004
300 ## - PHYSICAL DESCRIPTION
Extent 440 p.
546 ## - LANGUAGE NOTE
Language note EN
942 ## - ADDED ENTRY ELEMENTS (KOHA)
Koha item type Books
Holdings
Withdrawn status Lost status Damaged status Not for loan Home library Current library Date acquired Total Checkouts Full call number Barcode Date last seen Date checked out Price effective from Koha item type
        UMT Main Campus UMT Main Campus 2014-04-23 1 658.8 APT-S 42004 2016-03-08 2016-02-15 2014-05-05 Books